Modernizar con todos : (Registro nro. 11724)

Detalles MARC
000 -LEADER
fixed length control field 01197nam a2200241Ia 4500
003 - CONTROL NUMBER IDENTIFIER
control field OSt
005 - DATE AND TIME OF LATEST TRANSACTION
control field 20210514101424.0
008 - FIXED-LENGTH DATA ELEMENTS--GENERAL INFORMATION
fixed length control field 210310s1994 cl gr 000 0 spa d
040 ## - CATALOGING SOURCE
Original cataloging agency CO-JMCR
Transcribing agency CO-JMCR
041 0# - LANGUAGE CODE
Language code of text/sound track or separate title spa
082 04 - DEWEY DECIMAL CLASSIFICATION NUMBER
Classification number 330.983 /
Item number B152m
Edition number 23
110 2# - MAIN ENTRY--CORPORATE NAME
Corporate name or jurisdiction name as entry element Banco Interamericano de Desarrollo
9 (RLIN) 6750
245 10 - TITLE STATEMENT
Title Modernizar con todos :
Remainder of title Hacia la integración de los social y lo económico en Chile /
Statement of responsibility, etc. Banco Interamericano de Desarrollo
260 ## - PUBLICATION, DISTRIBUTION, ETC.
Place of publication, distribution, etc. Chile :
Name of publisher, distributor, etc. Banco Interamericano de Desarrollo,
Date of publication, distribution, etc. 1994.
300 ## - PHYSICAL DESCRIPTION
Extent [224] páginas ;
Dimensions 28 cm.
500 ## - GENERAL NOTE
General note Incluye índices.
504 ## - BIBLIOGRAPHY, ETC. NOTE
Bibliography, etc. note Bibliografía : páginas [221-224].
505 ## - FORMATTED CONTENTS NOTE
Formatted contents note La eficacia social de la macroeconomía. -- Aumentar la productividad: desafío prioritario para continuar avanzando en los social. -- Invertir en la gente I: hacia una educación relevante y de buena calidad. -- Invertir en la gente ii: un sistema de salud más eficaz, eficiente y equitativo. -- Más cerca de la gente. -- Un estado capaz de encarar el futuro. --
650 14 - SUBJECT ADDED ENTRY--TOPICAL TERM
Topical term or geographic name entry element Integración social
General subdivision Economía
Geographic subdivision Chile
9 (RLIN) 37623
650 24 - SUBJECT ADDED ENTRY--TOPICAL TERM
Topical term or geographic name entry element Economía
Geographic subdivision Chile
9 (RLIN) 37624
650 24 - SUBJECT ADDED ENTRY--TOPICAL TERM
Topical term or geographic name entry element Reforma social
Geographic subdivision Chile.
9 (RLIN) 37625
942 ## - ADDED ENTRY ELEMENTS (KOHA)
Source of classification or shelving scheme Dewey Decimal Classification
Koha item type Books
Existencias
Withdrawn status Lost status Source of classification or shelving scheme Damaged status Not for loan Home library Current library Shelving location Date acquired Source of acquisition Full call number Barcode Date last seen Copy number Price effective from Koha item type
    Dewey Decimal Classification     Biblioteca Pública José María del Castillo y Rada Biblioteca Pública José María del Castillo y Rada General Stacks 04/15/2018 Donación 330.983 / B152m 430002182 05/16/2024 Ej.1 03/10/2021 Books